Quais países tem clubes campeões da UEFA Champions League? - Statistics

Estatísticas Gerais
  • Esse quiz foi jogado 235 vezes
  • A pontuação média é 9 de 10
Estatísticas das Respostas
Hint Resposta % Correto
20 Títulos Espanha
100%
12 Títulos Itália
99%
15 Títulos Inglaterra
98%
8 Títulos Alemanha
95%
4 Títulos Portugal
93%
6 Títulos Holanda
91%
1 Título França
90%
1 Título Escócia
70%
1 Título Sérvia
70%
1 Título Romênia
64%
Nenhum quiz correspondente encontrado
Distribuição das Pontuações
Porcentagem de Pessoas com Cada Pontuação
Percentil de Números Respondidos
Sua Pontuação Histórica
Você não jogou esse quiz